Denzel Washington Oscar Nominated Roles - Statistics

General Stats
  • This quiz has been taken 35 times
    19 since last reset
  • The average score is 5 of 9
Answer Stats
Release Year Movie % Correct
2001 Training Day
88%
2012 Flight
76%
1992 Malcolm X
71%
1989 Glory
65%
2016 Fences
59%
2021 The Tragedy of Macbeth
47%
1999 The Hurricane
35%
2017 Roman J. Israel Esq.
29%
1987 Cry Freedom
24%
No matching quizzes found
Score Distribution
Percent of People with Each Score
Percentile by Number Answered
Your Score History
You have not taken this quiz since the last reset